UEFA Team of the Year 2002 - Statistics

General Stats
  • This quiz has been taken 85 times
  • The average score is 8 of 12
Answer Stats
Position Nationality Club Answer % Correct
ST Brazil Inter Milan / Real Madrid Ronaldo Nazario
100%
ST France Arsenal Thierry Henry
96%
LB Brazil Real Madrid Roberto Carlos
95%
CM France Juventus / Real Madrid Zinédine Zidane
95%
CB Italy Lazio / AC Milan Alessandro Nesta
89%
CM Germany Bayer Leverkusen / Bayern Munich Michael Ballack
76%
RB Spain Barcelona Carles Puyol
70%
RM Netherlands Inter Milan / AC Milan Clarence Seedorf
68%
LM Ireland Blackburn Rovers Damien Duff
41%
CB Romania Ajax Cristian Chivu
31%
GK Turkey Fenerbahçe Rüştü Reçber
23%
Manager Turkey Turkey National Team Şenol Güneş
11%
No matching quizzes found
Score Distribution
Percent of People with Each Score
Percentile by Number Answered
Your Score History
You have not taken this quiz